000
00265 a2200109 4500
001
155261
040
_c
Escola São Tomás de Aquino
240
1
0
_a
Mamíferos da Serra do Cipó
_l
por
245
1
0
_a
Mamíferos da Serra do Cipó
697
_a
GENERALIDADES
942
_c
BK
999
_c
155261
_d
155261